000 00547nam a22001817a 4500
003 OSt
008 241207b |||||||| |||| 00| 0 eng d
082 _a891.431
_bV69S
100 _aJajayavargiya, Dayakrishna. 'Vijay'
245 _aSamay ke Shilalekh /
_cby Dayakrishna Jajayavargiya 'Vijay'
260 _a.- Kota (Rajasthan)
_b: Jijay Prakashan
_c, nd.
300 _a132p.
650 _aLiterature
650 _aLiteratures of Specific Languages and Language Families
650 _aHindi Literatures
650 _aPoetry
942 _2ddc
_cHB
999 _c47346
_d47346